000 00676cam a2200205 4500500
005 20260405004002.0
041 _afre
042 _adc
100 1 0 _aEnjalbert, Cédric
_eauthor
245 0 0 _aL’art de la repasse : une journée dans les cuisines d’un restaurant et dans les coulisses d’un théâtre
260 _c2026.
500 _a91
690 _aEnnui
690 _aRecommencer
690 _aRépétition
690 _aRestaurant
690 _aThéâtre
786 0 _nPhilosophie magazine | 196 | 1 | 2026-01-01 | p. 78-87 | 1951-1787
856 4 1 _uhttps://shs.cairn.info/magazine-philosophie-magazine-2026-1-page-78?lang=fr&redirect-ssocas=7080
999 _c2072661
_d2072662